| 000 | 00579nam a2200205 i 4500 | ||
|---|---|---|---|
| 001 | 43135 | ||
| 003 | ES-MaACL | ||
| 005 | 20240505063018.0 | ||
| 007 | t| | ||
| 008 | 030317s1957 sp ||||1| spa d | ||
| 100 | 1 |
_aCelaya, Gabriel, _d1911-1991 _937346 |
|
| 245 | 1 | 0 |
_aEntreacto / _cGabriel Celaya. |
| 260 |
_aMadrid : _bAgora, _c[1957] ( _fOrbe) |
||
| 300 |
_a102 p. ; _c17 cm. |
||
| 490 | 1 |
_aColección Ágora ; _v13 |
|
| 830 | 0 |
_aColección Ágora ; _v13 _9180771 |
|
| 852 |
_aES-MaACL _jC-14308 _bR.40214 _944739 |
||
| 942 | _2udc | ||
| 999 |
_c43135 _d43135 |
||